| 000 | 01333 a2200229 4500 | ||
|---|---|---|---|
| 003 | Nust | ||
| 005 | 20221121102713.0 | ||
| 010 | _a 96031777 | ||
| 020 | _a0135080118 | ||
| 040 | _cNust | ||
| 082 | 0 | 0 | _a515.35,RAI |
| 100 | 1 |
_aRainville, Earl David, _939276 |
|
| 245 | 1 | 0 |
_aElementary differential equations / _cEarl D. Rainville, Phillip E. Bedient, Richard E. Bedient. |
| 250 | _a8th ed. | ||
| 260 |
_aUpper Saddle River, NJ : _bPrentice Hall, _cc1997. |
||
| 300 |
_axiii, 530 p. : _bcol. ill. ; _c24 cm. |
||
| 505 | _aDefinitions Families of Curves (Page-1), Equation of Order one (Page-18), Numerical Methods (Page-45), Elementary Application (Page-62), Additional Topics on Equations of order one (Page-99), Linear Equations with Contents Coefficients (Page-117), Non homogeneous Equations (Page-134), Variations of Parameters (Page-152), Applications (Page-165), Linear Systems of Equations (Page-186), Non homogeneous Systems of Equations (Page-224), The Existence and uniqueness of Solutions (Page-243), The Laplace Transform (Page-252), Inverse Transform (Page-274), Nonlinear Equations (Page-320), Power Series Solutions (Page-342). | ||
| 650 | 0 |
_aDifferential equations. _9688 |
|
| 700 | 1 |
_aBedient, Phillip Edward, _d1922- _9103238 |
|
| 700 | 1 |
_aBedient, Richard E. _9103239 |
|
| 942 |
_cREF _2ddc _k515.35,RAI |
||
| 999 |
_c175345 _d175345 |
||